Statistics for European cuisine by country

Click here to take the quiz!

General Stats

  • This quiz has been taken 220 times
  • The average score is 7 of 14

Answer Stats

FoodCountry% Correct
PaellaSpain
91%
Pot-au-feuFrance
87%
SauerbratenGermany
83%
HaggisScotland
76%
SurströmmingSweden
71%
BacalhauPortugal
48%
Bryndzové haluškySlovakia
44%
HákarlIceland
42%
StamppotNetherlands
41%
SvíčkováCzech Republic
40%
PelmeniRussia
38%
Judd mat GaardebounenLuxembourg
32%
BigosPoland
32%
FasoladaGreece / Cyprus
21%

Score Distribution

Percentile by Number Answered

Percent of People with Each Score

Your Score History

You have not taken this quiz